000 00936nam a2200265 c 4500
999 _c447300
_d447300
003 BLK
005 20230727124924.0
008 180411b bul|||||r ||||||| ||bul||
040 _aBLK
041 _aBUL
_cBUL
080 _aМесо и месни продукти (хранителни) (Вж и 664. 9 ; 637. 51)
_b637.5
_x(497.215)(062)
_z637.5(497.215)(062)
139 _bВ 53
245 1 0 _aВетераните разказват
_b100 години "Родопа" - Русе : 1886 - 1986
_h[Малотир. изд.]
257 _aBGR
260 _bДСО Родопа
_c1986
_9424764
_aРусе
300 _a27 с.
_c21 см
380 _a63
653 7 _9190864
_aмесна промишленост
653 0 _9467704
_aмесопреработване
852 _bК
_cК 63/В 53
856 4 _qpdf
856 4 _qpdf
942 _cKNG
_n0
_s1
_02
944 _aCR
_c2022-03-07
_k30556
_lТеодора Пейчева-Дянкова